01411cam a2200337 a 4500001001400000003000800014005001700022006001900039007001500058008004100073020003800114040003000152050001000182082001500192100003000207245012400237260005900361300003600420520027400456521001700730588004700747504005100794650001400845650001400859650001400873650001700887655002900904710001600933776003500949856008900984EDZ0000085665StDuBDS20161031105116.0m||||||||d||||||||cr |||||||||||120523s2000 cau fo| 001|0|eng|d a9781452229232 (ebook) :cNo price aStDuBDSbengcStDuBDSepn 4aHQ73404a306.852231 aScanzoni, John H.,d1935-10aDesigning familiesh[electronic resource] :bthe search for self and community in the information age /cJohn Scanzoni. aThousand Oaks, Calif. ;aLondon :bPine Forge,cc2000. a1 online resource (xxi, 263 p.)8 aExamining the challenges facing the nuclear family as it enters the new millenium, John Scanzoni sets the issue of change in families in aN historical and cross-cultural perspective tracing the development of the family from the Agricultural Age to the Information Age. aSpecialized. aDescription based on print version record. aIncludes bibliographical references and index. 0aFamilies. 0aMarriage. 0aSex role. 0aCommunities. 7aElectronic books.2local2 aSage eBooks08iPrint version :z978076198566240uhttp://ezproxy.alfaisal.edu/login?url=http://sk.sagepub.com/books/designing-families